000 006060000a22001810004500
003 MACL
005 20160423114546.0
008 160423b xxu||||| |||| 00| 0 eng d
040 _aMACL
_cMACL
041 _aHindi
082 _a800 MAT
100 _aमटियानी शैलेश
_944340
245 _aत्रिज्‍या
_bसंस्‍मरण कहानिया लेख
260 _aइलाहाबाद
_bबेसिल बुक्‍स इण्‍डरनेशनल
_c2008
350 _a350
650 _aरचनावली
_9163
942 _cHIN
_k800
_2ddc
999 _c45984
_d45984